Arrondissements de France - Statistiques

Statistiques générales
  • Ce quiz a été pris 1 923 fois
  • Le résultat moyen est 133 sur 332
Réponses sur la Carte
Les réponses sont colorées sur une échelle allant du rouge au vert en fonction du pourcentage des utilisateurs qui les ont devinées à leur premier essai. Vous pouvez retrouver ces pourcentages ci-dessous.
 
Statistiques - réponses
Département Réponse % Correct
Paris Paris
82%
Bouches-du-Rhône Marseille
79%
Bas-Rhin Strasbourg
79%
Meurthe-et-Moselle Toul
79%
Rhône Lyon
78%
Alpes-Maritimes Nice
78%
Finistère Brest
77%
Nord Lille
77%
Corse-du-Sud Ajaccio
76%
Gironde Bordeaux
76%
Loire-Atlantique Nantes
75%
La Réunion | Seine-Saint-Denis Saint-Denis
74%
Haute-Corse Bastia
73%
Ille-et-Vilaine Rennes
73%
Côte-d'Or Dijon
72%
Hérault Montpellier
72%
Haute-Garonne Toulouse
72%
Calvados Caen
71%
Nord Dunkerque
71%
Pas-de-Calais Calais
70%
Moselle Metz
70%
Pyrénées-Orientales Perpignan
70%
Finistère Quimper
70%
Var Toulon
70%
Oise Clermont
69%
Puy-de-Dôme Clermont-Ferrand
69%
Isère Grenoble
69%
Seine-Maritime Le Havre
69%
Seine-Maritime Rouen
69%
Meurthe-et-Moselle Nancy
68%
Indre-et-Loire Tours
68%
Somme Amiens
67%
Charente-Maritime La Rochelle
67%
Haut-Rhin Mulhouse
67%
Gard Nîmes
67%
Loiret Orléans
67%
Marne Reims
67%
Drôme Valence
67%
Maine-et-Loire Angers
66%
Haute-Savoie Annecy
66%
Guyane Cayenne
66%
Sarthe Le Mans
66%
Pyrénées-Atlantiques Pau
66%
Loire Saint-Étienne
66%
Yvelines Versailles
66%
Vienne Poitiers
64%
Vaucluse Avignon
63%
Doubs Besançon
63%
Manche Cherbourg
63%
Haute-Vienne Limoges
63%
Ille-et-Vilaine Saint-Malo
63%
Morbihan Vannes
63%
Pyrénées-Atlantiques Bayonne
62%
Territoire de Belfort Belfort
62%
Aude Carcassonne
62%
Morbihan Lorient
62%
Aube Troyes
62%
Manche Saint-Lô
61%
Bouches-du-Rhône Aix-en-Provence
59%
Pas-de-Calais Arras
59%
Savoie Chambéry
59%
Côtes-d'Armor Saint-Brieuc
59%
Oise Beauvais
58%
Ardennes Charleville-Mézières
58%
Hautes-Alpes Gap
58%
Vendée La Roche-sur-Yon
58%
Loire-Atlantique Saint-Nazaire
58%
Yonne Auxerre
57%
Hérault Béziers
57%
Cher Bourges
57%
Mayenne Laval
57%
Aude Narbonne
57%
Ain Bourg-en-Bresse
56%
Eure-et-Loir Chartres
56%
Eure Évreux
56%
Pas-de-Calais Lens
56%
Nièvre Nevers
56%
Charente Angoulême
55%
Bouches-du-Rhône Arles
55%
Loir-et-Cher Blois
55%
Indre Châteauroux
55%
Martinique Fort-de-France
55%
Deux-Sèvres Niort
55%
Hautes-Pyrénées Tarbes
55%
Tarn Albi
54%
Hauts-de-Seine Nanterre
54%
Val-de-Marne Créteil
53%
Ariège Foix
53%
Seine-et-Marne Melun
53%
Nord Valenciennes
53%
Lot-et-Garonne Agen
52%
Orne Alençon
52%
Drôme Die
52%
Essonne Évry
52%
Aisne Laon
52%
Corrèze Tulle
52%
Cantal Aurillac
51%
Guadeloupe Basse-Terre
51%
Vosges Épinal
51%
Landes Mont-de-Marsan
51%
Aveyron Rodez
51%
Gironde Arcachon
50%
Pas-de-Calais Boulogne-sur-Mer
50%
Saône-et-Loire Mâcon
50%
Tarn-et-Gard Montauban
50%
Dordogne Périgueux
50%
Gers Auch
49%
Landes Dax
49%
Lozère Mende
49%
Allier Moulins
49%
La Réunion | Martinique Saint-Pierre
49%
Haute-Loire Le Puy-en-Velay
48%
La Réunion Saint-Paul
48%
Aisne Saint-Quentin
48%
Meuse Verdun
48%
Allier Vichy
48%
Lot Cahors
47%
Seine-Maritime Dieppe
47%
Marne Châlons-en-Champagne
46%
Creuse Guéret
46%
Ardèche Privas
46%
Haute-Corse Calvi
45%
Vendée Les Sables-d'Olonne
45%
Seine-et-Marne Meaux
45%
Gard Alès
44%
Meuse Bar-le-Duc
44%
Seine-Saint-Denis Bobigny
44%
Hauts-de-Seine Boulogne-Billancourt
44%
Corrèze Brive-la-Gaillarde
44%
Oise Compiègne
44%
Jura Lons-le-Saunier
44%
Haute-Saône Vesoul
44%
Hautes-Alpes Briançon
43%
Saône-et-Loire Chalon-sur-Saône
43%
Haute-Marne Chaumont
43%
Alpes-de-Haute-Provence Digne-les-Bains
43%
Nord Douai
43%
Ardennes Sedan
43%
Val-d'Oise Pontoise
42%
Tarn Castres
41%
Haute-Corse Corte
41%
Eure-et-Loir Dreux
41%
Côtes-d'Armor Guingamp
41%
Doubs Montbéliard
41%
Guadeloupe Pointe-à-Pitre
41%
Moselle Thionville
41%
Isère Vienne
41%
Somme Abbeville
40%
Calvados Bayeux
40%
Dordogne Bergerac
40%
Maine-et-Loire Cholet
40%
Alpes-Maritimes Grasse
40%
Savoie Albertville
39%
Manche Avranches
39%
Nord Cambrai
39%
Seine-et-Marne Fontainebleau
39%
Pas-de-Calais Montreuil
39%
Loire Roanne
39%
Charente-Maritime Saintes
39%
Yonne Sens
39%
Haute-Savoie Thonon-les-Bains
39%
Val-d'Oise Argenteuil
38%
Côte-d'Or Beaune
38%
Côtes-d'Armor Dinan
38%
Gironde Libourne
38%
Calvados Lisieux
38%
Aveyron Millau
38%
Allier Montluçon
38%
Charente-Maritime Rochefort
38%
Aisne Soissons
38%
Yvelines Mantes-la-Jolie
37%
Mayenne Mayenne
37%
Finistère Morlaix
37%
Jura Dole
36%
Var Draguignan
36%
Bouches-du-Rhône Istres
36%
Côtes-d'Armor Lannion
36%
Cher Vierzon
36%
Pas-de-Calais Béthune
35%
Charente Cognac
35%
Haute-Marne Saint-Dizier
35%
Pas-de-Calais Saint-Omer
35%
Rhône Villefranche-sur-Saône
35%
Hauts-de-Seine Antony
34%
Loiret Montargis
34%
Yvelines Rambouillet
34%
Guyane Saint-Laurent-du-Maroni
34%
Maine-et-Loire Saumur
34%
Doubs Pontarlier
33%
Alpes-de-Haute-Provence Barcelonnette
32%
Vaucluse Carpentras
32%
Ain Gex
32%
Morbihan Pontivy
32%
Seine-et-Marne Provins
32%
Moselle Sarreguemines
32%
Aisne Château-Thierry
31%
Vienne Châtellerault
31%
Marne Épernay
31%
Essonne Étampes
31%
Manche Coutances
30%
Ain Nantua
30%
Puy-de-Dôme Riom
30%
Cantal Saint-Flour
30%
Val-d'Oise Sarcelles
30%
Sarthe La Flèche
29%
Ariège Pamiers
29%
Haute-Garonne Saint-Gaudens
29%
Calvados Vire
29%
Indre-et-Loire Chinon
28%
Gers Condom
28%
Puy-de-Dôme Issoire
28%
Meurthe-et-Moselle Lunéville
28%
Lot-et-Garonne Marmande
28%
Ille-et-Vilaine Redon
28%
Yvelines Saint-Germain-en-Laye
28%
Oise Senlis
28%
Creuse Aubusson
27%
Eure-et-Loir Châteaudun
27%
Lot Figeac
27%
Haute-Marne Langres
27%
Haute-Garonne Muret
27%
Pyrénées-Atlantiques Oloron-Sainte-Marie
27%
Corse-du-Sud Sartène
27%
Vaucluse Apt
26%
Indre Issoudun
26%
Indre-et-Loire Loches
26%
Essonne Palaiseau
26%
Jura Saint-Claude
26%
Vosges Saint-Dié-des-Vosges
26%
Puy-de-Dôme Thiers
26%
Lot-et-Garonne Villeneuve-sur-Lot
26%
Orne Argentan
25%
Saône-et-Loire Autun
25%
Hérault Lodève
25%
Loiret Pithiviers
25%
Pyrénées-Orientales Prades
25%
La Réunion Saint-Benoît
25%
Savoie Saint-Jean-de-Maurienne
25%
Dordogne Sarlat-la-Canéda
25%
Loir-et-Cher Vendôme
25%
Hautes-Pyrénées Bagnères-de-Bigorre
24%
Aube Bar-sur-Aube
24%
Ain Belley
24%
Finistère Châteaulin
24%
Indre Le Blanc
24%
Haute-Savoie Saint-Julien-en-Genevois
24%
Bas-Rhin Saverne
24%
Corrèze Ussel
24%
Yonne Avallon
23%
Gironde Blaye
23%
Pyrénées-Orientales Céret
23%
Alpes-de-Haute-Provence Forcalquier
23%
Charente-Maritime Jonzac
23%
Gironde Langon
23%
Isère La Tour-du-Pin
23%
Eure Les Andelys
23%
Eure-et-Loir Nogent-le-Rotrou
23%
Aube Nogent-sur-Seine
23%
Ariège Saint-Girons
23%
Haut-Rhin Altkirch
22%
Nord Avesnes-sur-Helpe
22%
Haute-Savoie Bonneville
22%
Deux-Sèvres Bressuire
22%
Var Brignoles
22%
Tarn-et-Gard Castelsarrasin
22%
Lozère Florac
22%
Gironde Lesparre-Médoc
22%
Aude Limoux
22%
Haute-Saône Lure
22%
Loire Montbrison
22%
Val-de-Marne Nogent-sur-Marne
22%
Drôme Nyons
22%
Deux-Sèvres Parthenay
22%
Charente-Maritime Saint-Jean-d'Angély
22%
Seine-et-Marne Torcy
22%
Aveyron Villefranche-de-Rouergue
22%
Marne Vitry-le-François
22%
Eure Bernay
21%
Haute-Loire Brioude
21%
Alpes-de-Haute-Provence Castellane
21%
Nièvre Château-Chinon
21%
Mayenne Château-Gontier
21%
Vendée Fontenay-le-Comte
21%
Seine-Saint-Denis Le Raincy
21%
Gard Le Vigan
21%
Côte-d'Or Montbard
21%
Somme Péronne
21%
Haute-Loire Yssingeaux
21%
Puy-de-Dôme Ambert
20%
Meuse Commercy
20%
Indre La Châtre
20%
Val-de-Marne L'Haÿ-les-Roses
20%
Cantal Mauriac
20%
Vosges Neufchâteau
20%
Ardennes Rethel
20%
Aisne Vervins
20%
Hautes-Pyrénées Argelès-Gazost
19%
Gers Mirande
19%
Somme Montdidier
19%
Lot-et-Garonne Nérac
19%
Dordogne Nontron
19%
Haute-Vienne Bellac
18%
Nièvre Clamecy
18%
Nièvre Cosne-Cours-sur-Loire
18%
Lot Gourdon
18%
Sarthe Mamers
18%
Bas-Rhin Molsheim
18%
Vienne Montmorillon
18%
Orne Mortagne-au-Perche
18%
Haute-Vienne Rochechouart
18%
Loir-et-Cher Romorantin-Lanthenay
18%
Cher Saint-Amand-Montrond
18%
Ardèche Tournon-sur-Rhône
18%
Charente Confolens
17%
Saône-et-Loire Louhans
17%
Ardennes Vouziers
17%
Saône-et-Loire Charolles
16%
Ardèche Largentière
16%
Martinique La Trinité
16%
Maine-et-Loire Segré
16%
Martinique Le Marin
15%
Meurthe-et-Moselle Briey
14%
Haut-Rhin Colmar-Ribeauvillé
12%
Ille-et-Vilaine Fougères-Vitré
12%
Bas-Rhin Haguenau-Wissembourg
12%
Loire-Atlantique Châteaubriant-Ancenis
11%
Moselle Forbach-Boulay-Moselle
9%
Moselle Sarrebourg-Château-Salins
8%
Haut-Rhin Thann-Guebwiller
8%
Bas-Rhin Sélestat-Erstein
7%
Aucun quiz correspondant
Distribution des résultats
% des personnes avec chaque résultat
Percentile par nombre de réponses
Votre historique - résultats
Vous n’avez pas pris ce quiz